| 000 | 00645nam a2200229 4500 | ||
|---|---|---|---|
| 999 |
_c7365 _d7365 |
||
| 001 | 3603377 | ||
| 003 | GBCCL | ||
| 005 | 20241126110626.0 | ||
| 008 | 720114s1971 miua 000 0aeng | ||
| 010 | _a 71157400 | ||
| 040 |
_aDLC _cDLC _dDLC |
||
| 050 | 0 | 0 |
_aCT275.J6777 _bA3 |
| 082 | 0 | 0 |
_a917.30392 _aB _bJOH |
| 100 | 1 |
_aJohnson, Margaret. _97286 |
|
| 245 | 1 | 0 |
_a18, no time to waste. _cIllus. by Frank Morton. |
| 260 |
_aGrand Rapids, _bZondervan Pub. House _c[1971] |
||
| 300 |
_a117 p. _billus. _c22 cm. |
||
| 350 | _a$3.95 | ||
| 600 | 1 | 0 |
_aJohnson, Margaret. _97286 |
| 906 |
_a7 _bcbc _corignew _d2 _encip _f19 _gy-gencatlg |
||
| 942 |
_2ddc _cBK |
||